000 00636nam a22002057a 4500
999 _c1133
_d1133
005 20211011101335.0
008 211011b ||||| |||| 00| 0 eng d
020 _a9789834508890
040 _cKH8
082 _a499.233 ARB
100 _aArbak Othman
_d1944-
_eauthor
245 _aKamus Fajar KSSR :
_bbahasa Malaysia-bahasa Malaysia-bahasa Inggeris /
_cArbak Othman ; disemak dan dikemaskini oleh Nik Safiah Karim
250 _a2nd ed.
260 _aOxford Fajar :
_bSelangor,
_c2011.
300 _a640 p. ;
_bsom il.
_c20 cm.
650 _aDictionary
650 _aMalay language
700 _aNik Safiah Karim
942 _2ddc
_cREF